| 000 | 00795nas a2200265 4500 | ||
|---|---|---|---|
| 001 | BR0302202 | ||
| 003 | BR-BrBNA | ||
| 005 | 20231205103743.0 | ||
| 007 | ta | ||
| 008 | 230509b bl.|||p| |||| 00| 00por d | ||
| 040 |
_aBR-BrBNA _bpor _cBiblioteca Nacional de Agricultura |
||
| 041 | _a(Pt) | ||
| 072 | _aP36; P30 | ||
| 100 | 1 | _aCassol, E.A. | |
| 100 | 1 | _aLima, V.S. de | |
| 245 | 1 | _aErosão em entressulcos sob diferentes tipos de preparo e manejo do solo | |
| 650 | _aEROSÃO HÍDRICA | ||
| 650 | _aMANEJO DO SOLO | ||
| 650 | _aENXURRADA | ||
| 650 | _aPERDA | ||
| 650 | _aRIO GRANDE DO SUL | ||
| 773 | 0 |
_tPesquisa Agropecuária Brasileira (Brazil) _xISSN 0100-204X _g(Jan 2003), v. 38(1) p. 117-124 _wBR0302202 |
|
| 909 |
_a202311 _bLúcia _c55 _dLúcia Elande |
||
| 942 |
_2AGRIS _n0 _cANA |
||
| 999 |
_c174554 _d174554 |
||